C4ISR for future naval strike groups / (Record no. 212520)

000 -LEADER
fixed length control field 01501 a2200289 4500
003 - CONTROL NUMBER IDENTIFIER
control field Nust
005 - DATE AND TIME OF LATEST TRANSACTION
control field 20170207165543.0
010 ## - LIBRARY OF CONGRESS CONTROL NUMBER
LC control number 2006278250
020 ## - INTERNATIONAL STANDARD BOOK NUMBER
International Standard Book Number 0309096006
035 ## - SYSTEM CONTROL NUMBER
System control number (OCoLC)ocm69267791
040 ## - CATALOGING SOURCE
Transcribing agency Nust
082 00 - DEWEY DECIMAL CLASSIFICATION NUMBER
Classification number 359.3
110 2# - MAIN ENTRY--CORPORATE NAME
Corporate name or jurisdiction name as entry element National Research Council (U.S.).
245 10 - TITLE STATEMENT
Title C4ISR for future naval strike groups /
Statement of responsibility, etc. Committee on C4ISR for Future Naval Strike Groups ; Naval Studies Board ; Division on Engineering and Physical Sciences ; National Research Council of the National Academies.
260 ## - PUBLICATION, DISTRIBUTION, ETC.
Place of publication, distribution, etc. Washington, D.C. :
Name of publisher, distributor, etc. National Academies Press,
Date of publication, distribution, etc. c2006.
300 ## - PHYSICAL DESCRIPTION
Extent xviii, 282 p. :
Other physical details ill. ;
Dimensions 23 cm.
505 ## - FORMATTED CONTENTS NOTE
Formatted contents note The Secuirty Context for Furture Naval Force (Page-15), Principle Naval Missions and C4ISR Impact (Page-41), Architecting and Building the Naval C4ISR System (Page-70), Command and Control System (Page-104), Computers (Page-132), Communication (Page-151), Intelligence Surveillance and Reconnaissance (Page-175).
538 ## - SYSTEM DETAILS NOTE
System details note Almirah No.44 Shelaf No.3
610 10 - SUBJECT ADDED ENTRY--CORPORATE NAME
Corporate name or jurisdiction name as entry element United States.
Subordinate unit Navy
General subdivision Operational readiness.
650 #0 - SUBJECT ADDED ENTRY--TOPICAL TERM
Topical term or geographic name entry element Command and control systems
Geographic subdivision United States.
650 #0 - SUBJECT ADDED ENTRY--TOPICAL TERM
Topical term or geographic name entry element Military intelligence.
650 #0 - SUBJECT ADDED ENTRY--TOPICAL TERM
Topical term or geographic name entry element Military surveillance.
650 #0 - SUBJECT ADDED ENTRY--TOPICAL TERM
Topical term or geographic name entry element Naval reconnaissance.
710 2# - ADDED ENTRY--CORPORATE NAME
Corporate name or jurisdiction name as entry element National Research Council (U.S.).
Subordinate unit Division on Engineering and Physical Sciences.
710 2# - ADDED ENTRY--CORPORATE NAME
Corporate name or jurisdiction name as entry element National Research Council (U.S.).
Subordinate unit Naval Studies Board.
856 41 - ELECTRONIC LOCATION AND ACCESS
Materials specified Table of contents only
Uniform Resource Identifier <a href="http://www.loc.gov/catdir/toc/fy0703/2006278250.html">http://www.loc.gov/catdir/toc/fy0703/2006278250.html</a>
942 ## - ADDED ENTRY ELEMENTS (KOHA)
Source of classification or shelving scheme
Koha item type Book
Holdings
Withdrawn status Lost status Source of classification or shelving scheme Damaged status Not for loan Collection code Permanent Location Current Location Date acquired Total Checkouts Full call number Barcode Date last seen Price effective from Koha item type
            Military College of Signals (MCS) Military College of Signals (MCS) 12/12/2016   359.3 NAT MCS37137 12/08/2016 12/12/2016 Book
© 2023 Central Library, National University of Sciences and Technology. All Rights Reserved.